Quizzes
Events
Quiz Creation
Community
Videos
Private Events
Remove Ads
Sign In
Join for FREE
Feedback
Dark Mode
Quiz Categories
Sports
Geography
Music
Movies
Television
Just For Fun
Miscellaneous
History
Literature
Language
Science
Gaming
Entertainment
Religion
Holiday
For Kids
Quiz Lab
Recent
Popular Today
Quiz Kudos Today
Editor Picks
Curator Picks
Quizzes by...
Day
Popularity
Type
Ratings
Length
Year
Community
Subscriptions
Recent Discussions
Orange Saloon
Badges
Playlists
Quests
Create
Leaderboards
Showdown
Live 5
Trivia Bingo
Activity
Puzzle Library
Sporcle Events
Private Events
Virtual Trivia
Globe League
Become a Host
Pub Owners
SporcleCon
Opinionation
Our Games
Videos
Blog
Mobile Apps
Partnerships
Remove Ads and Go Orange
Feedback
Miscellaneous
Crossword
General Knowledge
Baby Names
Logo
Food
Cars
Numbers
Grab Bag
University
College
Popular
Company
Slogans
Restaurants
Justice
Letter
Miscellaneous
Crossword
General Knowledge
Baby Names
Logo
Food
Cars
Numbers
Grab Bag
University
College
Popular
Company
Slogans
Restaurants
Justice
Letter
Random Quiz
Search Sporcle
×
Quiz Lab
Quiz Lab
Miscellaneous
Marvel
Type in answers that appear in a list
Type in answers that appear in a list
Classic
Best Score? Go Orange.
Classic Marvel Figurine Collection Stats
Can you name the pieces produced in the Classic Marvel Figurine Collection ?
By
Riddler83
15m
241 Questions
772 Plays
772 Plays
772 Plays
Comments
Comments
Give Quiz Kudos
Give Quiz Kudos
-
- Ratings
hide this ad
Replay
Link that replays current quiz
Next Quiz
Link to next quiz in quiz playlist
You Got
0%
They Got
Avg Score
49%
Avg Friend Score
Upgrade to see
Score Distribution
Jump to the score distribution portion of the page
Score
0/241
Timer
15:00
0
Plays Today
Issue
Figure
% Correct
1
Spider-Man
97.9%
2
Wolverine
95.3%
9
Captain America
92%
Special 1
Hulk
91.8%
12
Iron Man
91.6%
11
Jean Grey
91.1%
5
Magneto
90.9%
28
Mr Fantastic
90.5%
25
Cyclops
90.2%
4
Thing
89.9%
15
Thor
89.8%
16
Beast
89.1%
18
Human Torch
89.1%
41
Invisible Woman
89%
32
Venom
88.5%
33
Iceman
88%
13
Daredevil
87.7%
14
Storm
87.3%
10
Dr Doom
86.5%
8
Green Goblin
86.3%
Double Pack 1
Professor X
86.1%
42
Nightcrawler
85%
31
Angel
84.7%
29
Rogue
84.6%
7
Silver Surfer
83.4%
71
Quicksilver
81.2%
Special 3
Colossus
81%
50
Hawkeye
80.8%
3
Dr Octopus
80.7%
55
Scarlet Witch
80.7%
70
Carnage
80.4%
84
Sabretooth
79.7%
Special 11
Kingpin
79.4%
137
Wasp
79.1%
Special 17
Odin
79.1%
17
Elektra
79%
37
Loki
78.9%
164
Captain Marvel
78.8%
72
Black Widow
78.1%
35
Gambit
78%
38
She-Hulk
78%
40
Dr Strange
77.8%
101
War Machine
77.7%
27
Sandman
77.3%
Mega Special 1
Galactus
77.3%
63
Cable
77.2%
45
Kitty Pryde
77.1%
39
Mystique
76.8%
34
Red Skull
75.4%
Special 2
Juggernaut
74.9%
56
Deadpool
74.7%
30
Black Panther
74.1%
44
Iron Fist
74%
61
Spider-Woman
74%
129
Ant-Man
74%
Special 6
Apocalypse
74%
19
Punisher
73.4%
62
Electro
73.3%
59
Luke Cage
73.1%
156
Toad
72.9%
22
Ghost Rider
72.8%
6
Blade
72.4%
36
Namor
72.3%
49
Bullseye
72.3%
102
Hobgoblin
71.8%
47
Emma Frost
71.6%
23
Kraven The Hunter
71.5%
67
Vulture
71.2%
66
Psylocke
71.1%
46
Captain Marvel
71%
57
Mysterio
71%
Special 7
Rhino
70.7%
149
Cannonball
70.3%
76
Ms Marvel
69.8%
92
Bishop
69.8%
Special 9
Abomination
69.3%
51
Nick Fury
68.9%
100
Banshee
68.9%
80
Mr Sinister
68.7%
20
Black Cat
68.5%
Mega Special 5
Blob
68.5%
Issue
Figure
% Correct
48
Vision
68%
53
Polaris
68%
74
Havok
66.8%
21
Captain Britain
66.7%
Mega Special 7
Giant Man
66.1%
171
Thunderbird
66.1%
65
Black Bolt
65.9%
91
Shocker
65.7%
52
Lizard
65.3%
179
Sif
65.3%
120
Jubilee
63.5%
141
Pyro
62.8%
Special 18
MODOK
62.7%
148
Firestar
62.7%
24
Mephisto
62.6%
Double Pack 3
Puck
62.4%
Double Pack 4
Northstar
62.4%
139
Scarlet Spider
62.1%
169
Forge
62.1%
Double Pack 3
Sasquatch
61.6%
75
Falcon
61.5%
162
Karnak
61.3%
Special 4
Thanos
61.3%
82
Moon Knight
61%
94
Mandarin
61%
79
Wonder Man
60.6%
Double Pack 4
Aurora
60.2%
172
Dracula
60.2%
26
Ultron
60%
68
Hercules
60%
54
Nova
59.2%
163
Hydro-Man
59%
43
Medusa
58.9%
69
Leader
58.7%
Mega Special 6
Mojo
58.5%
81
Mole Man
58.3%
103
Baron Zemo
58.3%
192
Wolfsbane
57.9%
142
Silver Sable
57.3%
86
Scorpion
57.1%
146
Quasar
56.8%
125
Sunfire
56.7%
87
Lady Deathstrike
56.5%
194
Moonstone
55.9%
200
Hela
55.9%
112
Black Knight
55.8%
78
Crystal
55.7%
150
Triton
55.6%
158
Spiral
54.8%
151
Ares
54%
166
Magik
54%
115
Dazzler
53.8%
Mega Special 2
Sentinel
53.5%
159
Siryn
53.1%
106
Multiple Man
53%
180
J Jonah Jameson
52.3%
185
Longshot
52.3%
117
X-23
51.8%
130
Klaw
51.4%
168
Shanna
51.1%
154
Wrecker
50.8%
85
Winter Soldier
50.6%
88
Absorbing Man
50.5%
99
Morbius
50.5%
Special 15
Omega Red
50%
161
Puppet Master
50%
170
Wizard
50%
173
Avalanche
50%
178
Domino
50%
123
Enchantress
49.9%
Double Pack 2
Ka-Zar
49.6%
73
Kang
49.5%
58
Yellowjacket and Wasp
48.7%
145
Marvel Girl
48.3%
Double Pack 1
Lilandra
48.1%
138
Batroc
48%
144
Typhoid Mary
48%
153
Balder
48%
157
Moondragon
48%
116
Chameleon
47.9%
Special 16
Sauron
47.7%
Issue
Figure
% Correct
98
Gladiator (Shi'ar)
47.7%
Varient 2
Dark Phoenix
47.7%
124
Gladiator (Daredevil villain)
47.5%
184
Hammerhead
47.2%
197
Spider-man 2099
47.2%
77
Sentry
46.9%
89
Guardian
46.8%
175
Mockingbird
46.6%
191
Constrictor
46.6%
60
Super Skrull
46.2%
167
Beetle
46%
181
Sebastian Shaw
46%
199
Deathbird
46%
118
Tigra
46%
Mega Special 3
Uatu
45.9%
198
Wiccan
45.8%
Special 19
Terrax
45.5%
188
Werewolf by Night
45.5%
Varient 3
Archangel
45.3%
Special 13
Cloak & Dagger
45.2%
Special 20
Skurge
45%
93
Valkyrie
44.8%
Double Pack 2
Zabu
44.7%
Special 14
Ronan
44.6%
196
Firelord
44.4%
64
Dormammu
44.3%
Varient 1
Grey Hulk
44%
189
Gamora
43.8%
113
Hellcat
43.8%
Mega Special 4
Fin Fang Foom
43.7%
Free Gift
Rooftop Spider-Man
43.3%
122
Crimson Dynamo
42.4%
132
Annihilus
42.2%
127
Gorgon
41.6%
155
Songbird
41.5%
143
Radioactive Man
41.2%
160
Blackheart
41.2%
193
Stingray
40.7%
187
Shaman
40.4%
128
X-Man
40.3%
Varient 5
Green Quicksilver
39.8%
152
Destiny
39.5%
186
Trapster
39.3%
Special 5
Black Spider-Man
38.9%
90
Warlock
38.6%
182
Swordsman
37.6%
174
Arachne
37%
110
Machine Man
36.8%
83
Deathlok
36.7%
104
Taskmaster
36.5%
Special 10
Man-Thing
36.5%
111
Shang Chi
36.4%
95
Impossible Man
36.3%
114
Viper
36.3%
96
Nighthawk
36.1%
105
Doc Samson
35.6%
140
Beta Ray Bill
34.2%
121
Jack of Hearts
34.1%
176
Tiger Shark
33.6%
119
Jocasta
33.5%
136
Snowbird
33.2%
165
Photon
33.1%
126
Titania
32.9%
97
Blink
32.3%
183
Owl
31.9%
Special 8
Movie Iron Man
31.9%
108
Man-Wolf
31.6%
177
Nico Minoru
31.1%
107
Union Jack
30.8%
195
Danielle Moonstar
29.4%
Special 12
Destroyer
28.8%
190
Vance Astro
28%
131
Grim Reaper
26.3%
135
Nomad
26%
Varient 4
White Captain Marvel
25.8%
134
Son of Satan
25.3%
133
Drax the Destroyer
24.7%
109
Ikaris
24.6%
147
Prowler
22.9%
Quiz Playlist
Details
Report
Send in Message
Add To Playlist
Classic:
Type in answers that appear in a list
Quiz Source
Last Updated: Feb 16, 2017
Quiz Scoreboard
CHALLENGE
Sign Up to Join the Scoreboard
Show All
Scores
Hide
Comments
May contain spoilers
Recently Published
Pick 6: Fruits
by JohnFran
Miscellaneous
15s
Click the 1999 NBA Draft
by nibperrychub
Sports
2m
Alphabetical 'K' Countries by Flag Minefield
by ylime102
Geography
3m
More to Explore
Quiz From the Vault
Featured Blog Post
15 Basketball Trivia Facts You Can Be March Mad About
hide this ad
You Might Also Like...
Tags
Marvel Quiz
classic
collection
eaglemoss
figurine
piece
Produced
Today's Top Quizzes in Miscellaneous
Browse Miscellaneous
hide this ad
Today's Top Quizzes in Marvel
Browse Marvel
Top Contributed Quizzes in Miscellaneous
1
Spring Months consonants
2
Pick 6: Vegetables
3
Pick 6: Supreme Pizza
4
The JOE quick-fire general knowledge quiz: Day 166
5
Four Seasons
6
Pick 6: University Mascots
7
The JOE quick-fire general knowledge quiz: Day 165
8
Guess the 'S' Things in 3 Words
9
Sporcle Acrostic Puzzle XXXV
10
Guess the 'T' Things in 3 Words
Explore More
Trending Topics
Disney
Crossword
Marvel
Harry Potter
NBA
Anime
Kpop
NFL
Puzzle
The Office
Country
WWE
Soccer
Song
Pokémon
hide this ad
More By:
Riddler83
Quiz
Plays
Rating
Category
Featured
Created
DC Comics Super Hero Collection
1,638
3.00
Miscellaneous
Oct 7, 2009
Classic Marvel Figurine Collection
772
3.67
Miscellaneous
Oct 7, 2009
List of DC Chess Collection Pieces
376
4.00
Miscellaneous
Mar 10, 2013
Every Premier League goalscorer 92/93
223
5.00
Sports
Mar 5, 2020
List of Marvel Chess Collection Pieces
217
Miscellaneous
Sep 29, 2014
Go to Creator's Profile
Score Distribution
Quiz Creator Spotlight
Riddler83
Follow
Send a Message
Quizzes Created
-
Created Quiz Play Count
-
More By This Creator
Popular Quizzes Today
1
Countries of Asia Without Outlines Minefield
2
Find the US States - No Outlines Minefield
3
Pick 6: Fruits
4
Alphabetical 'K' Countries by Flag Minefield
5
The Countries of the World
6
Find the US States
7
US States
8
Match the Book to the Film X
More Miscellaneous Quizzes
Any Word A-Z: AKC Dog Breeds
Quiz Lab
Trending Quizzes
Pick 6: Mountains
Pick 6: Harry Potter
Pick 6: NFL Teams
Pick 6: Movie Franchises
Pick 6: Flags
Recently Updated
NWSL Teams
pecheneg
Women's Final Four Teams by Year
bhenderson79
Presidents Quartet II
eogle
Anything But Clue(do)
eogle
Anything But Oceanian Capitals
eogle
Anything But 7
eogle
Anything But Thing
eogle
Word Ladder: February 29
pecheneg
Song Title Questions
pecheneg
Women's NCAA Tournament #1 Seeds
pecheneg
Trending Topics
Crossword
Marvel
Anime
Harry Potter
NBA
Kpop
Disney
Soccer
NFL
Puzzle
Pokémon
Song
The Office
WWE
Country
Your Account Isn't Verified!
In order to create a playlist on Sporcle, you need to verify the email address you used during registration. Go to your
Sporcle Settings
to finish the process.
Report this User
Report this user for behavior that violates our
Community Guidelines
.
Details:
Send Report
Go to the Sporcle.com Mobile Site →
Comments